Vyjmenovaná slova po B - Statistics

General Stats
  • This quiz has been taken 243 times
  • The average score is 12 of 14
Answer Stats
Slova % Correct
být
99%
byt
99%
bydlit
91%
dobytek
91%
nábytek
90%
obyvatel
89%
kobyla
88%
příbytek
88%
bystrý
86%
býk
85%
bylina
83%
obyčej
82%
Přibyslav
78%
babyka
43%
No matching quizzes found
Score Distribution
Percent of People with Each Score
Percentile by Number Answered
Your Score History
You have not taken this quiz